Processing equipmennt for agricultural products (Record no. 36101)
[ view plain ]
| 000 -LEADER | |
|---|---|
| fixed length control field | 00373nam a2200145Ia 4500 |
| 082 ## - DEWEY DECIMAL CLASSIFICATION NUMBER | |
| Classification number | 631.362 |
| Item number | HAL |
| 100 ## - MAIN ENTRY--AUTHOR NAME | |
| Personal name | DAVIS, D C |
| 245 #0 - TITLE STATEMENT | |
| Title | Processing equipmennt for agricultural products |
| 250 ## - EDITION STATEMENT | |
| Edition statement | Ed.2 |
| 260 ## - PUBLICATION, DISTRIBUTION, ETC. (IMPRINT) | |
| Place of publication | Connecticut |
| Name of publisher | AVI |
| Year of publication | 1979 |
| 650 ## - SUBJECT ADDED ENTRY--TOPICAL TERM | |
| Topical Term | Agricultural machinery |
| 700 ## - ADDED ENTRY--PERSONAL NAME | |
| Personal name | HALL, C W |
| 942 ## - ADDED ENTRY ELEMENTS (KOHA) | |
| Koha item type | Books |
| Withdrawn status | Lost status | Damaged status | Not for loan | Home library | Current library | Date acquired | Full call number | Accession Number | Koha item type |
|---|---|---|---|---|---|---|---|---|---|
| RRII Library | RRII Library | 16/12/2021 | 631.362 HAL | 16514 | Books |